EK- biztos Pozsonyban Közép- és Kelet-Európa megsegítéséért

Bibliographic Details
Main Author: Broek, Hans van den (Author)
Format: Article
Language:Hungarian
Subjects:

MARC

LEADER 00000nab a2200000 a 4500
001 vtls000485280
003 SK-MaSNL
005 20260318121748.0
008 160202c1993 xo 0 hun
015 |a SNBRB19rr/mm-uuuuu 
035 |a CL0485417 
040 |a SNKBUCL  |b slo  |c SNKBUCL  |e AACR2 
041 0 |a hun 
044 |a xo  |c SK 
080 |a 327(043.76:4)  |2 1981 
080 |a 329(437.6=945.11)  |2 1981 
245 0 0 |a EK- biztos Pozsonyban  |b Közép- és Kelet-Európa megsegítéséért 
610 2 7 |a Európske spoločenstvo  |2 snkbucl  |9 31025 
650 0 7 |a zahraničná politika  |2 snkbucl  |9 971 
650 0 7 |a strany politické maďarské  |2 snkbucl  |9 901655 
651 7 |a Slovensko  |2 snkbucl  |9 14231 
655 7 |a články z novín a časopisov  |2 snkbucl  |9 267496 
700 1 |a Broek, Hans van den  |4 aut  |9 1319000 
773 0 |t Szabad újság  |g Roč. 3, č. 102 (4. 5. 1993), s. 1-2 
850 |a Slovenská národná knižnica v Martine  |a DSG001 
852 |a SNK  |b KIS3GCP 
958 |a RK 
958 |a HU 
992 |a RBX 
999 |c 3245366  |d 3247296